[Event "LTU-chT"]
[Site "Lithuania"]
[Date "2023.03.04"]
[Round "2.3"]
[White "Valiunas, Rimantas"]
[Black "Jankus, Giedrius"]
[Result "1-0"]
[WhiteElo "2079"]
[BlackElo "1731"]
[PlyCount "73"]
[EventDate "2023.03.04"]
[EventType "team"]
[EventRounds "7"]
[EventCountry "LTU"]
[SourceTitle "CBM 213 Extra"]
[Source "ChessBase"]
[SourceDate "2023.05.31"]
[SourceVersion "1"]
[SourceVersionDate "2023.05.31"]
[SourceQuality "1"]
[WhiteTeam "Panevezio Gigant"]
[BlackTeam "Klaipeda Bokstas"]
[WhiteTeamCountry "LTU"]
[BlackTeamCountry "LTU"]

1. Nf3 d5 2. g3 Nf6 3. Bg2 h5 4. c4 c6 5. cxd5 Nxd5 6. Nc3 Bg4 7. Qb3 Qb6 8. Nxd5 Qxb3 9. axb3 cxd5 10. Ne5 Be6 11. d3 Nc6 12. Nxc6 bxc6 13. Ra6 Kd7 14. Be3 g6 15. Bd4 Rg8 16. Kd2 Bh6+ 17. Kc2 Rgc8 18. Bc5 Rcb8 19. Rha1 Rb7 20. b4 Bg5 21. f4 Bh6 22. e4 f5 23. exd5 Bxd5 24. Bxd5 cxd5 25. Rxg6 Bf8 26. Raa6 Rc8 27. Kd2 e6 28. Bxf8 Rxf8 29. Rg7+ Kc8 30. Rxb7 Kxb7 31. Rxe6 h4 32. Rd6 hxg3 33. hxg3 Rg8 34. Rxd5 Rxg3 35. Rxf5 Rg2+ 36. Kc3 Rf2 37. Rf8 1-0

[Event "Klaipeda-ch"]
[Site "Klaipeda"]
[Date "2022.02.20"]
[Round "11"]
[White "Jankus, Giedrius"]
[Black "Gluchaciov, Nikolaj"]
[Result "1-0"]
[WhiteElo "1712"]
[BlackElo "1723"]
[PlyCount "85"]
[EventDate "2022.01.15"]
[EventType "tourn"]
[EventRounds "11"]
[EventCountry "LTU"]
[SourceTitle "EXT 2023"]
[Source "ChessBase"]
[SourceDate "2022.10.05"]
[SourceVersion "1"]
[SourceVersionDate "2022.10.05"]
[SourceQuality "1"]

1. d4 Nf6 2. Bf4 g6 3. Nc3 Bg7 4. e4 d6 5. Nf3 0-0 6. Qd2 c5 7. Bh6 cxd4 8. Nxd4 Bxh6 9. Qxh6 Qb6 10. Nb3 Qxf2+ 11. Kxf2 Ng4+ 12. Kg3 Nxh6 13. Nd5 Nc6 14. Bb5 e6 15. Ne3 f5 16. exf5 gxf5 17. Rhf1 Nf7 18. Rad1 a6 19. Bxc6 bxc6 20. Nc4 Rd8 21. Nd4 Bd7 22. Nb6 Rab8 23. Nxd7 Rxd7 24. b3 Nd8 25. Rfe1 Kf7 26. Nf3 Kf6 27. Re2 c5 28. Kf2 e5 29. Nxe5 dxe5 30. Rxd7 Ne6 31. Rxh7 e4 32. g3 Rd8 33. Ra7 Rd6 34. c3 Ke5 35. h4 f4 36. gxf4+ Nxf4 37. Re7+ Ne6 38. Ke1 Kf4 39. Rd2 Rc6 40. Rf2+ Ke5 41. h5 e3 42. Rg2 Kf6 43. Rxe6+ 1-0

[Event "Klaipeda-ch"]
[Site "Klaipeda"]
[Date "2022.02.05"]
[Round "7"]
[White "Jankus, Giedrius"]
[Black "Barsciauskas, Gintautas"]
[Result "0-1"]
[WhiteElo "1712"]
[BlackElo "1525"]
[PlyCount "80"]
[EventDate "2022.01.15"]
[EventType "tourn"]
[EventRounds "11"]
[EventCountry "LTU"]
[SourceTitle "EXT 2023"]
[Source "ChessBase"]
[SourceDate "2022.10.05"]
[SourceVersion "1"]
[SourceVersionDate "2022.10.05"]
[SourceQuality "1"]

1. d4 d5 2. Bf4 Nf6 3. e3 Bf5 4. c4 e6 5. Nc3 Bb4 6. Qb3 c5 7. Nf3 0-0 8. a3 Bxc3+ 9. bxc3 Nc6 10. Be2 cxd4 11. Nxd4 Na5 12. Qb4 Nc6 13. Qa4 Nxd4 14. cxd4 dxc4 15. 0-0 Nd5 16. Qxc4 Nxf4 17. exf4 Be4 18. f3 Bd5 19. Qb4 Qf6 20. Qd2 Rfd8 21. Rfd1 Bb3 22. Rdb1 Rxd4 23. Qe3 Bd5 24. g3 Bc6 25. Kg2 Rad8 26. Ra2 a6 27. h4 g6 28. Rc2 Qf5 29. Rbb2 Qd5 30. g4 a5 31. Qc1 Qd6 32. Kg3 e5 33. f5 Qxa3 34. fxg6 fxg6 35. Qg5 Qf8 36. Bc4+ Rxc4 37. Rxc4 Qxf3+ 38. Kh2 Qh1+ 39. Kg3 Rd3+ 40. Kf2 Qf3+ 0-1

[Event "Klaipeda-ch"]
[Site "Klaipeda"]
[Date "2022.01.16"]
[Round "2"]
[White "Jankus, Giedrius"]
[Black "Pidluznij, Gleb"]
[Result "0-1"]
[WhiteElo "1712"]
[BlackElo "2046"]
[PlyCount "78"]
[EventDate "2022.01.15"]
[EventType "tourn"]
[EventRounds "11"]
[EventCountry "LTU"]
[SourceTitle "EXT 2023"]
[Source "ChessBase"]
[SourceDate "2022.10.05"]
[SourceVersion "1"]
[SourceVersionDate "2022.10.05"]
[SourceQuality "1"]

1. d4 Nf6 2. Nf3 g6 3. Nc3 d5 4. Bf4 Bg7 5. Qd2 0-0 6. Bh6 c5 7. Bxg7 Kxg7 8. e3 a6 9. Be2 Nc6 10. Ne5 Qc7 11. f4 b5 12. Bf3 Rd8 13. 0-0 h5 14. Rad1 cxd4 15. exd4 Bf5 16. Ne2 h4 17. h3 Rac8 18. c3 Na5 19. Bg4 e6 20. Bxf5 exf5 21. Qe1 Rh8 22. Nc1 Nc4 23. Ncd3 Ne4 24. Nxc4 bxc4 25. Nc5 Nxc5 26. dxc5 Qxc5+ 27. Rd4 Rce8 28. Qf2 Re4 29. Rfd1 Rhe8 30. R1d2 Re1+ 31. Kh2 Ra1 32. Re2 Re4 33. Rexe4 dxe4 34. Qxh4 Rf1 35. b3 cxb3 36. axb3 Qc7 37. Rc4 Qxf4+ 38. Qxf4 Rxf4 39. Rc6 e3 0-1

[Event "Klaipeda-ch"]
[Site "Klaipeda"]
[Date "2022.01.15"]
[Round "1"]
[White "Levitsky, Andrey"]
[Black "Jankus, Giedrius"]
[Result "1-0"]
[WhiteElo "2329"]
[BlackElo "1712"]
[PlyCount "87"]
[EventDate "2022.01.15"]
[EventType "tourn"]
[EventRounds "11"]
[EventCountry "LTU"]
[SourceTitle "EXT 2023"]
[Source "ChessBase"]
[SourceDate "2022.10.05"]
[SourceVersion "1"]
[SourceVersionDate "2022.10.05"]
[SourceQuality "1"]

1. e4 d5 2. exd5 Qxd5 3. Nc3 Qd6 4. d4 Nf6 5. g3 c6 6. Bg2 Bg4 7. Nge2 e6 8. 0-0 Be7 9. h3 Bh5 10. Be3 0-0 11. Qd2 Bxe2 12. Qxe2 Nd5 13. Nxd5 cxd5 14. c4 Nc6 15. c5 Qd7 16. Rab1 Bf6 17. Rfd1 a5 18. b3 Rfb8 19. a3 h6 20. f4 b5 21. g4 g6 22. Qf2 b4 23. a4 Ne7 24. Rbc1 h5 25. Qf3 hxg4 26. hxg4 Nc6 27. f5 g5 28. fxe6 Qxe6 29. Bf2 Ne7 30. Re1 Qc6 31. Bf1 Kg7 32. Bb5 Rxb5 33. axb5 Qxb5 34. c6 a4 35. c7 Rc8 36. bxa4 Qxa4 37. Be3 Qd7 38. Rf1 Qe6 39. Rce1 Ng6 40. Bxg5 Bxd4+ 41. Kg2 Ne5 42. Bf6+ Kg6 43. Bxe5 Bxe5 44. Rxe5 1-0

[Event "Klaipeda-ch"]
[Site "Klaipeda"]
[Date "2020.02.09"]
[Round "5"]
[White "Jankus, Giedrius"]
[Black "Zirnovas, Martynas"]
[Result "1-0"]
[WhiteElo "1767"]
[BlackElo "1780"]
[PlyCount "77"]
[EventDate "2020.01.19"]
[EventType "tourn"]
[EventRounds "11"]
[EventCountry "LTU"]
[SourceTitle "CBM 195 Extra"]
[Source "ChessBase"]
[SourceDate "2020.05.31"]
[SourceVersion "1"]
[SourceVersionDate "2020.05.31"]
[SourceQuality "1"]

1. d4 Nf6 2. Bf4 c5 3. d5 d6 4. Nc3 g6 5. Nf3 Bg7 6. e4 0-0 7. Nd2 Bd7 8. Be2 Na6 9. h4 Rb8 10. a4 Nc7 11. h5 a6 12. a5 Nb5 13. Nxb5 axb5 14. hxg6 fxg6 15. Bh6 Ra8 16. Bxg7 Kxg7 17. g4 g5 18. f4 gxf4 19. g5 Ng8 20. e5 Bf5 21. Bd3 Bxd3 22. cxd3 Qe8 23. e6 Qg6 24. Ne4 Rf5 25. Qf3 Rxd5 26. 0-0-0 Rf5 27. Nf6 Nxf6 28. gxf6+ Kxf6 29. Rdg1 Rxa5 30. Rxg6+ hxg6 31. Rh7 Kxe6 32. Qxb7 Re5 33. Qxe7+ Kd5 34. Qf7+ Re6 35. Qxf4 Ra1+ 36. Kd2 c4 37. Rb7 cxd3 38. Rxb5+ Kc6 39. Qc4+ 1-0

[Event "Klaipeda-ch"]
[Site "Klaipeda"]
[Date "2020.02.01"]
[Round "2"]
[White "Borisovaite, Ana"]
[Black "Jankus, Giedrius"]
[Result "1/2-1/2"]
[WhiteElo "1375"]
[BlackElo "1767"]
[PlyCount "66"]
[EventDate "2020.01.19"]
[EventType "tourn"]
[EventRounds "11"]
[EventCountry "LTU"]
[SourceTitle "CBM 195 Extra"]
[Source "ChessBase"]
[SourceDate "2020.05.31"]
[SourceVersion "1"]
[SourceVersionDate "2020.05.31"]
[SourceQuality "1"]

1. d4 d5 2. Nf3 Nf6 3. Bf4 c5 4. e3 Qb6 5. b3 Nc6 6. Ne5 Bf5 7. dxc5 Qxc5 8. Bd3 g6 9. Nxc6 Bxd3 10. cxd3 Qxc6 11. Nd2 Nh5 12. Be5 f6 13. Bb2 e5 14. 0-0 Bd6 15. g4 Ng7 16. f4 Qb6 17. Qe2 0-0-0 18. fxe5 Bxe5 19. Rac1+ Kb8 20. Bxe5+ fxe5 21. Nf3 e4 22. Ne5 exd3 23. Qxd3 Rhe8 24. Qd4 Qxd4 25. exd4 Re7 26. Rf7 Rxf7 27. Nxf7 Rc8 28. Rxc8+ Kxc8 29. Kf2 Ne6 30. Ke3 g5 31. Nd6+ Kc7 32. Nf5 a5 33. a3 Kc6 1/2-1/2

[Event "Klaipeda-ch"]
[Site "Klaipeda"]
[Date "2020.01.19"]
[Round "1"]
[White "Jankus, Giedrius"]
[Black "Ionin, Ilja"]
[Result "1-0"]
[WhiteElo "1767"]
[BlackElo "1503"]
[PlyCount "49"]
[EventDate "2020.01.19"]
[EventType "tourn"]
[EventRounds "11"]
[EventCountry "LTU"]
[SourceTitle "CBM 195 Extra"]
[Source "ChessBase"]
[SourceDate "2020.05.31"]
[SourceVersion "1"]
[SourceVersionDate "2020.05.31"]
[SourceQuality "1"]

1. d4 Nf6 2. Bf4 e6 3. Nf3 b6 4. e3 Bb7 5. Nbd2 Be7 6. Bd3 Nd5 7. Bg3 f5 8. c4 Nf6 9. Qc2 0-0 10. 0-0-0 d5 11. Ne5 dxc4 12. Bxc4 Qc8 13. Qxf5 Bd5 14. Bxd5 Nxd5 15. Qe4 Qa6 16. Kb1 b5 17. Rc1 Qb6 18. Nc6 Kf7 19. Nxe7 Kxe7 20. Qxh7 Rf7 21. e4 Nf6 22. Qh4 Qxd4 23. e5 Qxd2 24. exf6+ gxf6 25. Rhd1 1-0

[Event "LTU-ch sf"]
[Site "Klaipeda"]
[Date "2019.10.27"]
[Round "8"]
[White "Gluchaciov, Nikolaj"]
[Black "Jankus, Giedrius"]
[Result "1/2-1/2"]
[WhiteElo "1734"]
[BlackElo "1767"]
[PlyCount "93"]
[EventDate "2019.10.05"]
[EventType "swiss"]
[EventRounds "8"]
[EventCountry "LTU"]
[SourceTitle "CBM 192 Extra"]
[Source "Chessbase"]
[SourceDate "2019.11.06"]
[SourceVersion "1"]
[SourceVersionDate "2019.11.06"]
[SourceQuality "1"]

1. e4 d6 2. d4 g6 3. Nc3 Bg7 4. Be3 a6 5. Qd2 b5 6. 0-0-0 b4 7. Nce2 Nf6 8. f3 Nbd7 9. Bh6 0-0 10. Bxg7 Kxg7 11. Qxb4 Rb8 12. Qc3 c5 13. g4 Kg8 14. g5 Nh5 15. Ng3 Nf4 16. h4 cxd4 17. Rxd4 Ne5 18. N1e2 Ne6 19. Rd2 Nc5 20. b3 Qb6 21. Nd4 Bd7 22. f4 Nc6 23. Nxc6 Qxc6 24. Qe3 Rfc8 25. Bc4 Be6 26. Bxe6 fxe6 27. h5 Nd7 28. hxg6 hxg6 29. Rh6 Kg7 30. f5 exf5 31. exf5 Ne5 32. Qd4 Qc3 33. Qxc3 Rxc3 34. Ne2 Rc5 35. Nd4 Ra5 36. a4 Rh8 37. Ne6+ Kg8 38. fxg6 Rxh6 39. gxh6 Nxg6 40. Rg2 Kh7 41. Rg5 Rxg5 42. Nxg5+ Kxh6 43. Ne6 Ne5 44. b4 Nc6 45. b5 axb5 46. axb5 Nb8 47. Nd4 1/2-1/2

[Event "LTU-ch sf"]
[Site "Klaipeda"]
[Date "2019.10.19"]
[Round "5"]
[White "Barsciauskas, Gintautas"]
[Black "Jankus, Giedrius"]
[Result "0-1"]
[WhiteElo "1605"]
[BlackElo "1767"]
[PlyCount "87"]
[EventDate "2019.10.05"]
[EventType "swiss"]
[EventRounds "8"]
[EventCountry "LTU"]
[SourceTitle "CBM 192 Extra"]
[Source "Chessbase"]
[SourceDate "2019.11.06"]
[SourceVersion "1"]
[SourceVersionDate "2019.11.06"]
[SourceQuality "1"]

1. e4 d6 2. d4 g6 3. Nf3 Bg7 4. c4 c6 5. Nc3 Nd7 6. Be2 Ngf6 7. 0-0 Qc7 8. h3 0-0 9. Be3 a6 10. a4 Re8 11. Qd2 e5 12. dxe5 dxe5 13. c5 a5 14. Qc2 Nh5 15. g3 Bf8 16. Kg2 Bxc5 17. Ng5 h6 18. Nxf7 Kxf7 19. Bxh6 Ndf6 20. Bc4+ Be6 21. Ne2 Bf8 22. Bg5 Bxc4 23. Qxc4+ Kg7 24. Rad1 Rad8 25. Nc3 Qf7 26. Qe2 Bb4 27. Qe3 Rxd1 28. Rxd1 Bxc3 29. bxc3 Qc4 30. Bxf6+ Nxf6 31. f3 Qxa4 32. Rd2 Qb5 33. g4 Re7 34. h4 Rd7 35. Rf2 Rd3 36. Qg5 Rd6 37. c4 Qxc4 38. h5 Ng8 39. f4 Qd4 40. fxe5 Qxe4+ 41. Kh2 Re6 42. Rf5 Nh6 43. Rf6 Nxg4+ 44. Qxg4 0-1

[Event "LTU-ch sf"]
[Site "Klaipeda"]
[Date "2019.10.06"]
[Round "2"]
[White "Januseviciute, Donata"]
[Black "Jankus, Giedrius"]
[Result "0-1"]
[WhiteElo "1520"]
[BlackElo "1767"]
[PlyCount "152"]
[EventDate "2019.10.05"]
[EventType "swiss"]
[EventRounds "8"]
[EventCountry "LTU"]
[SourceTitle "CBM 192 Extra"]
[Source "Chessbase"]
[SourceDate "2019.11.06"]
[SourceVersion "1"]
[SourceVersionDate "2019.11.06"]
[SourceQuality "1"]

1. d4 d5 2. c4 c6 3. Nf3 g6 4. e3 Bg7 5. Nc3 Nf6 6. Qc2 0-0 7. cxd5 cxd5 8. h3 Nc6 9. a3 Bf5 10. Bd3 Bxd3 11. Qxd3 Na5 12. Na4 Nc4 13. 0-0 Rc8 14. b3 Nd6 15. Bb2 Nfe4 16. Bc3 Re8 17. Rac1 b6 18. Rfd1 a5 19. Be1 b5 20. Nc5 Qb6 21. Nd7 Qb7 22. Nc5 Qa7 23. b4 a4 24. Nd2 Nxd2 25. Rxd2 e6 26. Rdc2 Nc4 27. Bc3 Nxa3 28. Ra2 Nc4 29. Qd1 Qe7 30. Qf3 Rcd8 31. Nd3 f6 32. Nb2 Nxb2 33. Rxb2 Rc8 34. Qe2 Rc4 35. Qd1 Rec8 36. Bd2 Rxc1 37. Bxc1 Rc4 38. Bd2 Qc7 39. Rb1 Bf8 40. g3 Bd6 41. Kg2 Qe7 42. Qe1 Rc2 43. Qe2 Qc7 44. Qd3 Qc4 45. Qxc4 dxc4 46. Be1 c3 47. Kf3 a3 48. Ke4 a2 49. Ra1 Bxb4 50. Kd3 Rb2 51. Bxc3 Rb3 52. Rxa2 Rxc3+ 53. Ke4 Be7 54. d5 exd5+ 55. Kxd5 Kf7 56. Kd4 b4 57. Ra5 Rc2 58. f3 Rg2 59. g4 Rg3 60. Ke4 Rxh3 61. Ra7 Rh2 62. Rb7 h5 63. gxh5 Rxh5 64. Kd4 g5 65. Kd3 Rh4 66. Kd2 Ke6 67. Rb6+ Bd6 68. Kd3 f5 69. Rb5 g4 70. fxg4 fxg4 71. Rg5 g3 72. e4 b3 73. Kc3 Rxe4 74. Kxb3 Kf6 75. Rg8 Kf5 76. Kc2 Rg4 0-1

[Event "Klaipeda Rooks Cup"]
[Site "Klaipeda"]
[Date "2019.05.12"]
[Round "6"]
[White "Jankus, Giedrius"]
[Black "Scekaciov, Rostislav"]
[Result "1-0"]
[WhiteElo "1791"]
[BlackElo "1554"]
[PlyCount "81"]
[EventDate "2019.04.07"]
[EventType "swiss"]
[EventRounds "7"]
[EventCountry "LTU"]
[SourceTitle "CBM 190 Extra"]
[Source "ChessBase"]
[SourceDate "2019.07.15"]
[SourceVersion "1"]
[SourceVersionDate "2019.07.15"]
[SourceQuality "1"]

1. d4 Nf6 2. Nf3 d5 3. Bf4 e6 4. e3 c5 5. c3 Nc6 6. Bd3 Nh5 7. Bg3 Nxg3 8. hxg3 h6 9. Nbd2 cxd4 10. exd4 Bd6 11. Qe2 Bd7 12. Ne5 Nxe5 13. dxe5 Bc5 14. Nb3 Qb6 15. Nxc5 Qxc5 16. Qg4 g6 17. Qf4 0-0-0 18. 0-0 Qe7 19. a4 g5 20. Qd4 Kb8 21. a5 Rc8 22. b4 Rhd8 23. Be2 Be8 24. Rfc1 Rd7 25. Rab1 Rdc7 26. c4 dxc4 27. Rxc4 Rxc4 28. Bxc4 Qc7 29. Bf1 Rd8 30. Qb2 Rd5 31. Re1 Qd8 32. a6 b5 33. Be2 Rd2 34. Qc3 Qd4 35. Qf3 Qd5 36. Qf6 Kc7 37. Rc1+ Kb6 38. Bf3 Qd4 39. Qe7 Qxf2+ 40. Kh1 Bd7 41. Qd8+ 1-0

[Event "Klaipeda Rooks Cup"]
[Site "Klaipeda"]
[Date "2019.04.29"]
[Round "4"]
[White "Jankus, Giedrius"]
[Black "Ionin, Ilja"]
[Result "1/2-1/2"]
[WhiteElo "1791"]
[BlackElo "1422"]
[PlyCount "136"]
[EventDate "2019.04.07"]
[EventType "swiss"]
[EventRounds "7"]
[EventCountry "LTU"]
[SourceTitle "CBM 190 Extra"]
[Source "ChessBase"]
[SourceDate "2019.07.15"]
[SourceVersion "1"]
[SourceVersionDate "2019.07.15"]
[SourceQuality "1"]

1. d4 Nf6 2. Bf4 e6 3. e3 b6 4. Nf3 Bb7 5. Bd3 Be7 6. Nbd2 Nh5 7. Bg3 f5 8. Ne5 Nf6 9. Bh4 0-0 10. Qe2 Nc6 11. Rg1 Nxe5 12. dxe5 Ng4 13. Bg3 Bh4 14. Nf3 Bxg3 15. hxg3 Bxf3 16. gxf3 Nxe5 17. 0-0-0 Qe7 18. Ba6 c6 19. f4 Ng4 20. f3 Nf6 21. Bd3 Nd5 22. c3 g6 23. e4 fxe4 24. fxe4 Nc7 25. Rdf1 d5 26. e5 Rad8 27. g4 d4 28. c4 b5 29. Kb1 bxc4 30. Bxc4 Kh8 31. Bd3 Nd5 32. f5 exf5 33. gxf5 gxf5 34. Rxf5 Rxf5 35. Bxf5 Rf8 36. Qe4 Rf7 37. e6 Rg7 38. Qxd4 Qf6 39. Qxf6 Nxf6 40. Rxg7 Kxg7 41. Kc2 Nd5 42. Kd3 h5 43. Ke4 Kf6 44. Bh3 Nc7 45. b4 Nxe6 46. Bg2 Nc7 47. Kd4 Ne6+ 48. Kc4 Nd8 49. Kc5 Ke5 50. a4 h4 51. a5 Ke6 52. Bh3+ Ke5 53. a6 Ke4 54. Kd6 Kd4 55. Kc7 c5 56. b5 c4 57. b6 c3 58. bxa7 c2 59. a8Q c1Q+ 60. Kxd8 Qg5+ 61. Kc8 Qg8+ 62. Kb7 Qd5+ 63. Ka7 Qc5+ 64. Kb8 Qd6+ 65. Kb7 Qd5+ 66. Kb8 Qd6+ 67. Kb7 Qd5+ 68. Kb8 Qd6+ 1/2-1/2

[Event "Klaipeda-ch"]
[Site "Klaipeda"]
[Date "2019.03.02"]
[Round "8"]
[White "Jankus, Giedrius"]
[Black "Pidluznij, Gleb"]
[Result "0-1"]
[WhiteElo "1797"]
[BlackElo "1911"]
[PlyCount "48"]
[EventDate "2019.01.20"]
[EventType "tourn"]
[EventRounds "11"]
[EventCountry "LTU"]
[SourceTitle "CBM 189 Extra"]
[Source "ChessBase"]
[SourceDate "2019.06.03"]
[SourceVersion "1"]
[SourceVersionDate "2019.06.03"]
[SourceQuality "1"]

1. d4 Nf6 2. c4 g6 3. Nc3 Bg7 4. e4 d6 5. Be3 c5 6. d5 0-0 7. h3 e6 8. Bd3 exd5 9. cxd5 Qa5 10. Nf3 b5 11. 0-0 b4 12. Ne2 Re8 13. Nd2 Ba6 14. Qc2 Bxd3 15. Qxd3 Qa6 16. Qxa6 Nxa6 17. f3 Nxd5 18. Bf2 Bxb2 19. Rad1 Nc3 20. Nxc3 bxc3 21. Rb1 Rab8 22. Nc4 Rb4 23. Ne3 Reb8 24. Bg3 c2 0-1

[Event "LTU-ch sf"]
[Site "Klaipeda"]
[Date "2018.10.13"]
[Round "6"]
[White "Jankus, Giedrius"]
[Black "Zirnovas, Martynas"]
[Result "1-0"]
[WhiteElo "1824"]
[BlackElo "1834"]
[PlyCount "65"]
[EventDate "2018.09.23"]
[EventType "swiss"]
[EventRounds "9"]
[EventCountry "LTU"]
[SourceTitle "CBM 187 Extra"]
[Source "ChessBase"]
[SourceDate "2018.11.04"]
[SourceVersion "1"]
[SourceVersionDate "2018.11.04"]
[SourceQuality "1"]

1. d4 Nc6 2. Nf3 d5 3. g3 Nf6 4. Bg2 e6 5. c4 dxc4 6. 0-0 Be7 7. Qa4 Kf8 8. Qxc4 h5 9. Rd1 Ne4 10. Nc3 Nd6 11. Qb3 h4 12. Ne5 hxg3 13. hxg3 Qe8 14. Nxc6 bxc6 15. Ne4 Ba6 16. Qf3 Rb8 17. Nc5 Bc4 18. b3 Bd5 19. e4 Nxe4 20. Nxe4 f5 21. Qf4 Bd6 22. Nxd6 Qh5 23. f3 cxd6 24. Qxd6+ Kf7 25. Qf4 Rh7 26. Kf2 Rbh8 27. Qg5 Qxg5 28. Bxg5 Kg6 29. Be7 Kf7 30. Bd6 g5 31. Rh1 g4 32. Rxh7+ Rxh7 33. Rh1 1-0

[Event "Klaipeda-ch"]
[Site "Klaipeda"]
[Date "2018.02.03"]
[Round "4"]
[White "Zozulia, Alexander"]
[Black "Jankus, Giedrius"]
[Result "1-0"]
[WhiteElo "2099"]
[BlackElo "1804"]
[PlyCount "107"]
[EventDate "2018.01.14"]
[EventType "tourn"]
[EventRounds "11"]
[EventCountry "LTU"]
[SourceTitle "EXT 2019"]
[Source "ChessBase"]
[SourceDate "2018.10.10"]
[SourceVersion "1"]
[SourceVersionDate "2018.10.10"]
[SourceQuality "1"]

1. e4 e6 2. d3 d5 3. Nd2 Nf6 4. g3 Bd7 5. Bg2 c5 6. Ne2 Bc6 7. 0-0 Bd6 8. exd5 Bxd5 9. Ne4 Nxe4 10. dxe4 Bc6 11. c3 0-0 12. Qc2 Qc7 13. Be3 Nd7 14. f4 e5 15. f5 c4 16. b3 Bc5 17. Bxc5 Nxc5 18. Kh1 f6 19. bxc4 Rad8 20. Nc1 Rd6 21. Nb3 Nd3 22. Nd4 exd4 23. Qxd3 dxc3 24. Qxc3 Rfd8 25. c5 Rd4 26. Rae1 Qe5 27. Re3 Bb5 28. Rfe1 Bc6 29. Kg1 h6 30. Qa3 a6 31. Bf3 Rd2 32. Bg2 Kh7 33. R3e2 R2d3 34. Qb4 R8d4 35. Qb6 Rc4 36. Qb2 Rcc3 37. Kh1 Qxc5 38. e5 fxe5 39. Rf2 Bxg2+ 40. Rxg2 Qd5 41. Kg1 e4 42. Rge2 e3 43. Qb1 b5 44. f6 Kg8 45. fxg7 Rd2 46. Qb4 Rc8 47. Qg4 Rcc2 48. Rf1 Kh7 49. g8Q+ Qxg8 50. Qe4+ Kh8 51. Qxe3 Qd8 52. Qxh6+ Kg8 53. Qg6+ Kh8 54. Re8+ 1-0

[Event "LTU-chT"]
[Site "Lithuania"]
[Date "2018.01.28"]
[Round "2.4"]
[White "Lileikis, Antanas"]
[Black "Jankus, Giedrius"]
[Result "0-1"]
[WhiteElo "1986"]
[BlackElo "1804"]
[PlyCount "120"]
[EventDate "2018.01.27"]
[EventType "team-swiss"]
[EventRounds "7"]
[EventCountry "LTU"]
[SourceTitle "EXT 2019"]
[Source "ChessBase"]
[SourceDate "2018.10.10"]
[SourceVersion "1"]
[SourceVersionDate "2018.10.10"]
[SourceQuality "1"]
[WhiteTeam "Marijampole Suduva"]
[BlackTeam "Klaipeda Nesunaikinami"]
[WhiteTeamCountry "LTU"]
[BlackTeamCountry "LTU"]

1. d4 d5 2. Bg5 h6 3. Bh4 Nf6 4. Nc3 Bf5 5. e3 e6 6. Bd3 Bxd3 7. Qxd3 c6 8. Nf3 Nbd7 9. 0-0 Be7 10. Rae1 0-0 11. Bg3 Nh5 12. Ne5 Nxg3 13. hxg3 Nxe5 14. dxe5 c5 15. f4 Rc8 16. f5 a6 17. fxe6 fxe6 18. Qg6 Qd7 19. e4 d4 20. Ne2 Bg5 21. Nf4 Qf7 22. Qxe6 Qxe6 23. Nxe6 Be3+ 24. Kh2 Rfe8 25. Nf4 Rxe5 26. Kh3 Rce8 27. Nd3 Rh5+ 28. Kg4 Rg5+ 29. Kf3 b6 30. b3 Rf8+ 31. Nf4 Re5 32. Rxe3 dxe3 33. Kxe3 g5 34. Ng6 Rxe4+ 35. Kxe4 Rxf1 36. Ne7+ Kf7 37. Nf5 Rf2 38. Ne3 Ke6 39. Kd3 h5 40. a4 b5 41. axb5 axb5 42. Ke4 Rf8 43. Nd5 Rf7 44. Ne3 Rd7 45. Nf5 Rd2 46. Ne3 Rd4+ 47. Kf3 Ke5 48. Ke2 Ke4 49. Nf1 Rd8 50. c3 Ra8 51. Nd2+ Kf5 52. Kd3 Rd8+ 53. Ke3 Rxd2 54. Kxd2 Kg4 55. Ke2 Kxg3 56. Kf1 g4 57. Kg1 h4 58. b4 c4 59. Kh1 h3 60. Kg1 Kf4 0-1

[Event "Vilnius Boksto op"]
[Site "Vilnius"]
[Date "2017.05.21"]
[Round "7"]
[White "Jankus, Giedrius"]
[Black "Zirnovas, Martynas"]
[Result "1-0"]
[WhiteElo "1796"]
[BlackElo "1845"]
[PlyCount "105"]
[EventDate "2017.04.30"]
[EventType "swiss"]
[EventRounds "8"]
[EventCountry "LTU"]
[SourceTitle "CBM 178 Extra"]
[Source "ChessBase"]
[SourceDate "2017.06.22"]
[SourceVersion "1"]
[SourceVersionDate "2017.06.22"]
[SourceQuality "1"]

1. d4 Nf6 2. Bf4 c5 3. d5 d6 4. Nc3 g6 5. e4 Bg7 6. Bd3 0-0 7. Qd2 e6 8. Bh6 exd5 9. Bxg7 Kxg7 10. exd5 Re8+ 11. Nge2 Nbd7 12. 0-0 a6 13. a4 Ne5 14. Ng3 Nfg4 15. h3 Nxd3 16. Qxd3 Ne5 17. Qd1 f5 18. Nce2 Qh4 19. f4 Nd7 20. c4 Qe7 21. Ra3 Nf6 22. Rff3 h5 23. Qd2 Bd7 24. Rae3 Qf7 25. b3 Rxe3 26. Rxe3 b5 27. Qa5 h4 28. Nf1 bxa4 29. bxa4 Ne4 30. Nc3 Nxc3 31. Qxc3+ Kg8 32. a5 Re8 33. Nd2 Rxe3 34. Qxe3 Qe8 35. Qf2 Qe7 36. Nf3 Ba4 37. Nxh4 Kf7 38. Qg3 Qf6 39. Nf3 Bc2 40. Ng5+ Ke7 41. Qh4 Kd7 42. Qh7+ Qe7 43. Qxg6 Qe3+ 44. Kh1 Qxf4 45. Ne6 Qh4 46. Qg7+ Qe7 47. Qb2 Be4 48. Qb7+ Ke8 49. Qxa6 Qh4 50. Qc8+ Kf7 51. Qd7+ Qe7 52. Qxe7+ Kxe7 53. a6 1-0

[Event "Vilnius Boksto op"]
[Site "Vilnius"]
[Date "2017.05.20"]
[Round "6"]
[White "Luksas, Jonas"]
[Black "Jankus, Giedrius"]
[Result "0-1"]
[WhiteElo "1622"]
[BlackElo "1796"]
[PlyCount "122"]
[EventDate "2017.04.30"]
[EventType "swiss"]
[EventRounds "8"]
[EventCountry "LTU"]
[SourceTitle "CBM 178 Extra"]
[Source "ChessBase"]
[SourceDate "2017.06.22"]
[SourceVersion "1"]
[SourceVersionDate "2017.06.22"]
[SourceQuality "1"]

1. e4 e6 2. d4 d5 3. Nd2 Nf6 4. e5 Nfd7 5. Ngf3 c5 6. c3 Nc6 7. Bb5 Qb6 8. Bxc6 Qxc6 9. 0-0 b6 10. Re1 Be7 11. Qe2 a5 12. Nf1 Ba6 13. Qe3 cxd4 14. cxd4 Qc2 15. Qf4 h6 16. Ne3 Qg6 17. Bd2 0-0 18. Rac1 Rac8 19. Qg4 Qxg4 20. Nxg4 Rxc1 21. Rxc1 Rc8 22. Rxc8+ Bxc8 23. a3 Ba6 24. Ne3 Be2 25. Ne1 f6 26. f4 fxe5 27. fxe5 Bd8 28. Kf2 Bh5 29. Nd3 b5 30. Nf4 Bf7 31. Nc2 g5 32. Nd3 Bg6 33. Nce1 Kf7 34. Be3 Nb6 35. b3 a4 36. Nc5 axb3 37. Nxb3 Nc4 38. Bc1 Be7 39. Nc5 Nxe5 40. h3 Nc4 41. Nf3 Bb1 42. g3 e5 43. Nd7 e4 44. Nfe5+ Nxe5 45. Nxe5+ Ke6 46. Nc6 Bf8 47. Nb4 Be7 48. Nc6 Bd6 49. Nb4 Be7 50. Nc6 Bf8 51. Nb4 Bd6 52. Be3 Bd3 53. Bc1 Bc4 54. Be3 Kf5 55. Bc1 e3+ 56. Kf3 e2 57. Bd2 Be7 58. Be1 h5 59. Ke3 g4 60. h4 Bf8 61. Bc3 Bh6+ 0-1

[Event "Klaipeda-ch"]
[Site "Klaipeda"]
[Date "2017.03.26"]
[Round "10"]
[White "Jankus, Giedrius"]
[Black "Sibajeva, Marija"]
[Result "1/2-1/2"]
[WhiteElo "1791"]
[BlackElo "1911"]
[PlyCount "49"]
[EventDate "2017.01.22"]
[EventType "tourn"]
[EventRounds "11"]
[EventCountry "LTU"]
[SourceTitle "EXT 2019"]
[Source "ChessBase"]
[SourceDate "2018.10.10"]
[SourceVersion "1"]
[SourceVersionDate "2018.10.10"]
[SourceQuality "1"]

1. d4 e5 2. d5 c5 3. e4 d6 4. Nc3 Be7 5. Bd3 Nf6 6. f4 Bg4 7. Nf3 Nbd7 8. h3 Bxf3 9. Qxf3 h5 10. Be3 h4 11. 0-0-0 a6 12. g4 hxg3 13. Qxg3 Nh5 14. Qg2 exf4 15. Bd2 Ne5 16. Be2 Ng3 17. Bxf4 Nxh1 18. Bxe5 Bg5+ 19. Kb1 dxe5 20. d6 Bh6 21. d7+ Kf8 22. Bg4 Qh4 23. Qxh1 Rd8 24. Qf3 b5 25. Nd5 1/2-1/2